<?xml version="1.0" encoding="UTF-8"?><?xml-stylesheet type="text/xsl" href="static/style.xsl"?><OAI-PMH xmlns="http://www.openarchives.org/OAI/2.0/" xmlns:xsi="http://www.w3.org/2001/XMLSchema-instance" xsi:schemaLocation="http://www.openarchives.org/OAI/2.0/ http://www.openarchives.org/OAI/2.0/OAI-PMH.xsd"><responseDate>2026-04-27T20:22:46Z</responseDate><request verb="GetRecord" identifier="oai:uvadoc.uva.es:10324/56584" metadataPrefix="marc">https://uvadoc.uva.es/oai/request</request><GetRecord><record><header><identifier>oai:uvadoc.uva.es:10324/56584</identifier><datestamp>2022-10-27T19:00:17Z</datestamp><setSpec>com_10324_1142</setSpec><setSpec>com_10324_931</setSpec><setSpec>com_10324_894</setSpec><setSpec>col_10324_1258</setSpec></header><metadata><record xmlns="http://www.loc.gov/MARC21/slim" xmlns:doc="http://www.lyncode.com/xoai" xmlns:xsi="http://www.w3.org/2001/XMLSchema-instance" xmlns:dcterms="http://purl.org/dc/terms/" xsi:schemaLocation="http://www.loc.gov/MARC21/slim http://www.loc.gov/standards/marcxml/schema/MARC21slim.xsd">
<leader>00925njm 22002777a 4500</leader>
<datafield tag="042" ind1=" " ind2=" ">
<subfield code="a">dc</subfield>
</datafield>
<datafield tag="720" ind1=" " ind2=" ">
<subfield code="a">Varea, Valeria</subfield>
<subfield code="e">author</subfield>
</datafield>
<datafield tag="720" ind1=" " ind2=" ">
<subfield code="a">González Calvo, Gustavo</subfield>
<subfield code="e">author</subfield>
</datafield>
<datafield tag="720" ind1=" " ind2=" ">
<subfield code="a">Martínez Álvarez, Lucio</subfield>
<subfield code="e">author</subfield>
</datafield>
<datafield tag="260" ind1=" " ind2=" ">
<subfield code="c">2018</subfield>
</datafield>
<datafield tag="520" ind1=" " ind2=" ">
<subfield code="a">The decrease in touch has been explored in recent literature in relation to child protection&#xd;
discourses and no touch policies and it has been suggested that Physical Education (PE) has been&#xd;
weakened by the lack of touch. Significantly, the issue of touch has remained largely unexplored in&#xd;
Latin societies, which are characterised by an amplified tactile approach to people and comparatively&#xd;
little personal space. This paper examines how a group of pre-service PE teachers in Spain responded&#xd;
to, acted and negotiated touch with primary school students. It draws on data generated from body&#xd;
journals and the concepts of risk society, surveillance and moral panic. The findings indicate that&#xd;
touching school students is still common practice in Spain and was considered something positive.&#xd;
The influence of other individuals and certain spaces was also noted by participants, who felt&#xd;
more surveilled and distressed on particular occasions and some of them strategically introduced&#xd;
touch with students in a progressive manner. The results of the study invite us to reflect on the&#xd;
possibility of doing more harm than good by presenting topics about touch to pre-service teachers&#xd;
and how pre-service teacher educators may need to provide PE students with proper resources and&#xd;
understandings to successfully negotiate touch with school students.</subfield>
</datafield>
<datafield tag="024" ind2=" " ind1="8">
<subfield code="a">Societies, 2018, vol. 8, n. 3, p. 54</subfield>
</datafield>
<datafield tag="024" ind2=" " ind1="8">
<subfield code="a">https://uvadoc.uva.es/handle/10324/56584</subfield>
</datafield>
<datafield tag="024" ind2=" " ind1="8">
<subfield code="a">10.3390/soc8030054</subfield>
</datafield>
<datafield tag="024" ind2=" " ind1="8">
<subfield code="a">54</subfield>
</datafield>
<datafield tag="024" ind2=" " ind1="8">
<subfield code="a">3</subfield>
</datafield>
<datafield tag="024" ind2=" " ind1="8">
<subfield code="a">Societies</subfield>
</datafield>
<datafield tag="024" ind2=" " ind1="8">
<subfield code="a">8</subfield>
</datafield>
<datafield tag="024" ind2=" " ind1="8">
<subfield code="a">2075-4698</subfield>
</datafield>
<datafield tag="245" ind1="0" ind2="0">
<subfield code="a">Exploring touch in physical education practicum in a touchy latin culture</subfield>
</datafield>
</record></metadata></record></GetRecord></OAI-PMH>